000 00328nam a22001457a 4500
008 210527b ||||| |||| 00| 0 eng d
020 _a9780895031471
041 _aeng
080 _a159.9
082 _a159.9
100 _a48
101 _aPSI
245 _aAu Kinds of Love Experiencing Hospice
_cJaffe,C
942 _2udc
_cBK
999 _c57746
_d57746